Translate numbers 0 to 20 from Arabic to English (random order!) - Statistics

General Stats
  • This quiz has been taken 783 times
  • The average score is 19 of 21
Answer Stats
Eastern Arabic number Western digit(s) % Correct
واحد ١ 1
100%
صفر ٠ 0
94%
ثلاثة ٣ 3
94%
سبعة ٧ 7
94%
إثنان ٢ 2
93%
أربعة ٤ 4
93%
ثمانية ٨ 8
93%
عشرة ١٠ 10
92%
إحدى عشر ١١ 11
92%
أربعة عشر ١٤ 14
92%
ثمانية عشر ١٨ 18
92%
تسعة عشر ١٩ 19
92%
عشرون ٢٠ 20
92%
خمسة ٥ 5
92%
ستة ٦ 6
92%
تسعة ٩ 9
92%
إثنا عشر ١٢ 12
91%
ثلاثة عشر ١٣ 13
91%
خمسة عشر ١٥ 15
91%
ستة عشر ١٦ 16
91%
سبعة عشر ١٧ 17
91%
No matching quizzes found
Score Distribution
Percent of People with Each Score
Percentile by Number Answered
Your Score History
You have not taken this quiz